| 000 | 00348nam a22001337a 4500 | ||
|---|---|---|---|
| 020 | _a978-93-392-0358-0 | ||
| 082 |
_a530 _bMAL/P |
||
| 100 | _aSTALIN MALHOTRA | ||
| 245 |
_aNUMERICALS AND OBJECTIVES IN PHYSICS _bFOR CLASS X |
||
| 260 |
_aDELHI _bTATA McGRAW HILL EDUCATION _c2014 |
||
| 300 | _a289 | ||
| 650 |
_aPHYSICS FOR CLASS X _zINDIA |
||
| 942 | _cBK | ||
| 999 |
_c775 _d775 |
||